MARC details
| 000 -LEADER |
| fixed length control field |
01365nam a2200397 a 4500 |
| 001 - CONTROL NUMBER |
| control field |
vtls001998482 |
| 003 - CONTROL NUMBER IDENTIFIER |
| control field |
NLI |
| 005 - DATE AND TIME OF LATEST TRANSACTION |
| control field |
20220609080808.0 |
| 008 - FIXED-LENGTH DATA ELEMENTS--GENERAL INFORMATION |
| fixed length control field |
180514s2017 cauba g bi 001 0 eng d |
| 020 ## - INTERNATIONAL STANDARD BOOK NUMBER |
| International Standard Book Number |
978 0520293014 ( pbk ) |
| Terms of availability |
$ 34.95 |
| 020 ## - INTERNATIONAL STANDARD BOOK NUMBER |
| International Standard Book Number |
9789386552860 (cop.2) |
| Terms of availability |
Rs. 1195.00(cop.2) |
| 039 #9 - LEVEL OF BIBLIOGRAPHIC CONTROL AND CODING DETAIL [OBSOLETE] |
| Level of rules in bibliographic description |
201805221606 |
| Level of effort used to assign nonsubject heading access points |
krishanuc |
| Level of effort used to assign subject headings |
201805141814 |
| Level of effort used to assign classification |
goutamg |
| 040 ## - CATALOGING SOURCE |
| Original cataloging agency |
NLI |
| Language of cataloging |
eng |
| Transcribing agency |
English Processing Division |
| 041 0# - LANGUAGE CODE |
| Language code of text/sound track or separate title |
eng |
| 044 ## - COUNTRY OF PUBLISHING/PRODUCING ENTITY CODE |
| MARC country code |
cau |
| 082 04 - DEWEY DECIMAL CLASSIFICATION NUMBER |
| Classification number |
E 294.50954 |
| Edition number |
23 |
| Item number |
F 532 |
| 100 1# - MAIN ENTRY--PERSONAL NAME |
| Personal name |
Fisher, Elaine M. |
| 9 (RLIN) |
1332827 |
| 245 10 - TITLE STATEMENT |
| Title |
Hindu pluralism : |
| Remainder of title |
religion and the public sphere in modern South India / |
| Statement of responsibility, etc. |
Elaine M. Fisher |
| 260 ## - PUBLICATION, DISTRIBUTION, ETC. |
| Place of publication, distribution, etc. |
Oakland, Calif : |
| Name of publisher, distributor, etc. |
University of California Press, |
| Date of publication, distribution, etc. |
2017 |
| 260 ## - PUBLICATION, DISTRIBUTION, ETC. |
| Place of publication, distribution, etc. |
New Delhi : |
| Name of publisher, distributor, etc. |
Primus Books (cop.2) |
| Date of publication, distribution, etc. |
2018 |
| 300 ## - PHYSICAL DESCRIPTION |
| Extent |
xi, 285 p.: |
| Other physical details |
col.ill., maps ; |
| Dimensions |
23 cm. |
| 440 #0 - SERIES STATEMENT/ADDED ENTRY--TITLE |
| Title |
South Asia across the disciplines |
| 9 (RLIN) |
855480 |
| 504 ## - BIBLIOGRAPHY, ETC. NOTE |
| Bibliography, etc. note |
Includes bibliographical references and index |
| 650 #0 - SUBJECT ADDED ENTRY--TOPICAL TERM |
| Topical term or geographic name entry element |
Hinduism |
| Geographic subdivision |
India, South |
| 9 (RLIN) |
1336516 |
| 650 #0 - SUBJECT ADDED ENTRY--TOPICAL TERM |
| Topical term or geographic name entry element |
Religious pluralism |
| Geographic subdivision |
India, South |
| 9 (RLIN) |
1336517 |
| 651 #0 - SUBJECT ADDED ENTRY--GEOGRAPHIC NAME |
| Geographic name |
India, South |
| General subdivision |
Religion |
| 9 (RLIN) |
785545 |
| 887 ## - NON-MARC INFORMATION FIELD |
| Content of non-MARC field |
Goutam Goswami krishanu |
| 887 ## - NON-MARC INFORMATION FIELD |
| Content of non-MARC field |
Pallab Paul |
| 901 ## - LOCAL DATA ELEMENT A, LDA (RLIN) |
| a |
577358 : |
| b |
04.01.2018 |
| 902 ## - LOCAL DATA ELEMENT B, LDB (RLIN) |
| a |
E 294.50954 F 532 |
| 904 ## - LOCAL DATA ELEMENT D, LDD (RLIN) |
| a |
Goutam Goswami |
| 905 ## - LOCAL DATA ELEMENT E, LDE (RLIN) |
| a |
krishanu |
| 942 ## - ADDED ENTRY ELEMENTS (KOHA) |
| Source of classification or shelving scheme |
Dewey Decimal Classification |
| Koha item type |
Books |
| 949 ## - LOCAL PROCESSING INFORMATION (OCLC) |
| 6 |
PUR000577358ENG |